| 000 | 01076nam a2200229 a 4500 | ||
|---|---|---|---|
| 001 | 47824 | ||
| 003 | BD-RjUL | ||
| 005 | 20211209054412.0 | ||
| 008 | 160810s1967 bg a|||| |||| 00| e eng d | ||
| 035 | _a(BD-RjUL) | ||
| 040 |
_aBD-RjUL _bben _cBD-RjUL _dBD-RjUL |
||
| 041 | _aben | ||
| 082 |
_223 _a327.73 _bBEJ 1967 |
||
| 100 | 1 |
_aবার্ডিং, এ্যানড্রু এইচ _9145208 |
|
| 245 | 1 |
_aযুক্তরাষ্ট্রের পররাষ্ট্র-ব্যবস্থা / _cএ্যানড্রু এইচ বার্ডিং এবং অনুবাদ এ. কে.এম.মহিউদ্দীন |
|
| 260 |
_aঢাকা : _bখোশরাজ কিতাব মহল, _c১৯৬৭ |
||
| 300 |
_a১২০ পৃ. : _bচিএাবলি ; _c২১ সেমি. |
||
| 650 |
_aবৈদেশিক সম্পর্ক _zযুক্তরাষ্ট্র _9145209 |
||
| 650 |
_aForeign relations _zUnited States _9145210 |
||
| 700 |
_aমহিউদ্দীন, এ. কে.এম. _9145211 |
||
| 942 |
_2ddc _cBK |
||
| 999 |
_c47824 _d47824 |
||